Statistics for Cities With One Million People by Letter - V

Click here to take the quiz!

General Stats

  • This quiz has been taken 176 times
  • The average score is 8 of 13

Answer Stats

City % Correct
Vancouver
99%
Vienna
98%
Valencia
96%
Volgograd
75%
Virginia Beach
72%
Valparaíso
52%
Varanasi
43%
Voronezh
35%
Vitória
32%
Vishakhapatnam
27%
Vadodara
23%
Vijayawada
16%

Score Distribution

Percentile by Number Answered

Percent of People with Each Score

Your Score History

You have not taken this quiz